00880nam a2200289Ia 4500008004000000020001800040041000800058082001500066100001800081245006600099260006600165300001100231650001200242650001000254650001400264650000700278650001400285650000700299650001300306650001400319650000600333690002100339700003000360906001100390999001900401952017000420210210b2011 xxu||||| |||| 00| 0 eng d a9788184654219 aeng a331.1 LUKI aLUKAS (Berin) aInvisible servitudebA study of domestic workers in Bangalore aBangalorebDepartment of Sociology, St. Josephs Collegec2011 axi,136 aworkers astudy aservitude aof aInvisible ain adomestic aBangalore aA aLabour Economics aBANDYOPADHYAY (Sucharita) a066833 c149286d149286 001040708EconomicsaALbALcEconomicsd2021-02-17ePrajwal Book Distributors, Bangalore-560061g200.00l0o331.1 LUKIp066833r2021-02-17 00:00:00w2021-02-17yBK